000 00719nam a2200193 a 4500
008 210504s2015 ||||||||||||||||| || u
020 _a9781447904212
050 _aKD 22 Bra
100 _aEwing,KD
245 1 0 _aConstitutional and Administrative law.(16th edition)
_cBy A W Bradley; KD Ewing; CJS Knight
250 _a16th edition
260 _aunited Kingdom
_bPearson
_c2015
300 _aIxviii,753 pages
650 _aCONSTITUTIONAL LAW--GREAT BRITAIN
650 _aCIVIL RIGHTS--GREAT BRITAIN
700 _aBradley AW
700 _aKnight,C J S
995 _FCBU-MAIN LIBRARY (Kitwe)
_I95.00
_M1
_UAVAILABLE
_WMay 4, 2021
_ZMain Library Open Access Collection
999 _c38488
_d38488